000 00833nmm a2200265 a 4500
001 ocm0001411763
003 TR-IsHL
005 20201028164836.0
008 160220s2016 tu eng
007 cr cn
020 _a9786059654104
035 _a1411763
_b(N$T)
050 0 4 _aPZ7
_b.O73 2016
090 0 4 _aPZ7
_b.O73 2016
100 1 _aLang, Andrew
245 1 0 _aThe orange fairy book
_h[electronic resource] /
_cAndrew Lang
260 _aİstanbul :
_bE-Kitap Projesi,
_c2016
300 _a420 p.
650 4 _aDil ve Edebiyat
650 4 _aLanguage and Literature
650 0 _aHalk edebiyatı
650 0 _aFolk literature
650 7 _aJUVENILE FICTION / Fairy Tales & Folklore / Adaptations
_2bisacsh
856 4 0 _uhttp://search.ebscohost.com/login.aspx?direct=true&scope=site&db=e011xww&AN=1411763
999 _c15721
_d15721